| 000 | 01098nam a22002057a 4500 | ||
|---|---|---|---|
| 003 | OSt | ||
| 005 | 20260316075629.0 | ||
| 008 | 260316b |||||||| |||| 00| 0 eng d | ||
| 020 | _a0-7868-1735-6 | ||
| 040 |
_aDWCL GS lib _cOC |
||
| 100 | _aDOWER, LAURA | ||
| 245 |
_aFrom the files of Madison Finn: sink or swim _cDOWER, LAURA |
||
| 260 |
_aNew York _bHyperion _c2003 |
||
| 300 |
_avii, 172 pages. _c19cm. |
||
| 520 | _a 12-year-old Madison feels left out when her friends have better summer plans. She takes a babysitting job for a nearby family that turns out to be more difficult than expected, taking her away from her summer fun, friends, and crush, Hart. | ||
| 546 | _aEnglish | ||
| 650 | _2 12-year-old Madison feels left out when her friends have better summer plans. She takes a babysitting job for a nearby family that turns out to be more difficult than expected, taking her away from her summer fun, friends, and crush, Hart. | ||
| 650 | _2bonding with a difficult child, balancing obligations, and finding value in unexpected responsibility. | ||
| 942 |
_2ddc _cFIC. _hFic. _n0 |
||
| 999 |
_c9157 _d9157 |
||